000 01053nac a22003014a 4500
003 EG-ScBUE
005 20220810094900.0
008 150805s1981 enka f b 000 0 eng d
020 _a071000849X
040 _aEG-ScBUE
_beng
_erda
_cEG-ScBUE
_dEG-ScBUE
082 0 4 _a496.392
_bMYA
_222
100 1 _aMi︠a︡china, E. N.‏
_q(Ekaterina Nikolaevna)
_eauthor.
245 1 4 _aThe Swahili language :
_ba descriptive grammar.
_nvolume 1 /
_cE.N. Myachina ; translated by G.L. Campbell.
264 1 _aLondon :
_bRoutledge and Kegan Paul,
_c1981.
300 _avii, 86 pages :
_btables ;
_c22 cm.
336 _2rdacontent
_atext
_btxt
337 _2rdamedia
_aunmediated
_bn
338 _2rdacarrier
_avolume
_bnc
490 0 _aLanguages of Asia and Africa ;
_x0261-0116 ;
_vvolume 1
500 _aDistributer : Al-Ahram.
504 _aIncludes bibliographical references.
590 _ashaimaa
650 7 _aSwahili language
_xGrammar.
_2BUEsh
651 _2BUEsh
653 _bGGEN
_cAugust2015
655 _vReading book
_934232
942 _cBB
_2ddc
999 _c9369
_d9369